<?xml version="1.0" encoding="UTF-8"?>
<collection xmlns="http://www.loc.gov/MARC21/slim">
<record>
  <controlfield tag="001">170990</controlfield>
  <controlfield tag="005">20260430151736.0</controlfield>
  <datafield tag="024" ind1="7" ind2=" ">
    <subfield code="2">doi</subfield>
    <subfield code="a">10.1113/JP290395</subfield>
  </datafield>
  <datafield tag="024" ind1="8" ind2=" ">
    <subfield code="2">sideral</subfield>
    <subfield code="a">149080</subfield>
  </datafield>
  <datafield tag="037" ind1=" " ind2=" ">
    <subfield code="a">ART-2026-149080</subfield>
  </datafield>
  <datafield tag="041" ind1=" " ind2=" ">
    <subfield code="a">eng</subfield>
  </datafield>
  <datafield tag="100" ind1=" " ind2=" ">
    <subfield code="a">Yanguas Mayo, Javier</subfield>
    <subfield code="u">Universidad de Zaragoza</subfield>
  </datafield>
  <datafield tag="245" ind1=" " ind2=" ">
    <subfield code="a">Spinal motor neuron pools may be partly driven by impulsive common inputs</subfield>
  </datafield>
  <datafield tag="260" ind1=" " ind2=" ">
    <subfield code="c">2026</subfield>
  </datafield>
  <datafield tag="520" ind1="3" ind2=" ">
    <subfield code="a">Spinal motor neurons serve as the link between the nervous system and muscles. As the final common pathway of the neuromuscular system, they receive inputs from both higher‐level controllers and afferent pathways. It is often assumed that spinal motor neurons are primarily driven by continuous common inputs (cCI) within different frequency bands. Within this framework, the motor neuron pool behaves as a linear amplifier of the cCI. This implies that the frequency content of descending and spinal oscillatory signals is preserved and faithfully transmitted to the muscles; thus, the spectral content at the output of the motor neuron pool corresponds to that of the cCI. However, this framework overlooks the possibility that motor neurons could also be driven by impulsive common inputs (iCI), which can induce synchronization among them and disrupt the linear transmission of other synaptic inputs at the pool level. To test this hypothesis, computational simulations and experimental data from two different human muscles were used to characterize different aspects related to motor neuron spiking synchronization at the pool level. Our findings suggest that, indeed, iCI can account for relevant features observed in experimental data such as the presence of synchronization events at the pool level. We also observed that such impulsive inputs can affect the linearity in the transmission of cCI by the motor neuron pool. This study represents pioneering indirect evidence of the existence of iCI as inputs to motor neurons.
                      
                        
                          image
                        
                      
                    
                  
                  
                    Key points
                    
                      
                        
                          The current understanding of the motor control of voluntary movements assumes a continuous control, driven by oscillatory common signals.
                        
                        
                          Some aspects of motor unit pool behaviour (particularly in terms of spiking synchronization and spectral content) typically observed in experimental recordings cannot be reproduced in simulations that only use continuous common inputs (cCI) to motor neurons.
                        
                        
                          This study provides evidence indicating that spinal motor neurons receive a portion of their synaptic input in the form of impulsive common inputs (iCI) that synchronize their activity.
                        
                        
                          The study also shows how such iCI can affect the linear transmission of other cCI by the motor neuron pool.
                        
                        
                          These findings constitute a fundamental paradigm shift in the understanding of motor control and impact the development of interfaces that extract information from the activity of spinal motor neurons.</subfield>
  </datafield>
  <datafield tag="506" ind1="0" ind2=" ">
    <subfield code="a">Access copy available to the general public</subfield>
    <subfield code="f">Unrestricted</subfield>
  </datafield>
  <datafield tag="540" ind1=" " ind2=" ">
    <subfield code="9">info:eu-repo/semantics/openAccess</subfield>
    <subfield code="a">by</subfield>
    <subfield code="u">https://creativecommons.org/licenses/by/4.0/deed.es</subfield>
  </datafield>
  <datafield tag="655" ind1=" " ind2="4">
    <subfield code="a">info:eu-repo/semantics/article</subfield>
    <subfield code="v">info:eu-repo/semantics/publishedVersion</subfield>
  </datafield>
  <datafield tag="700" ind1=" " ind2=" ">
    <subfield code="a">Pascual Valdunciel, Alejandro</subfield>
    <subfield code="u">Universidad de Zaragoza</subfield>
  </datafield>
  <datafield tag="700" ind1=" " ind2=" ">
    <subfield code="a">Baker, Stuart N</subfield>
  </datafield>
  <datafield tag="700" ind1=" " ind2=" ">
    <subfield code="a">Laguna, Pablo</subfield>
    <subfield code="u">Universidad de Zaragoza</subfield>
    <subfield code="0">(orcid)0000-0003-3434-9254</subfield>
  </datafield>
  <datafield tag="700" ind1=" " ind2=" ">
    <subfield code="a">Farina, Dario</subfield>
  </datafield>
  <datafield tag="700" ind1=" " ind2=" ">
    <subfield code="a">Ibáñez Pereda, Jaime</subfield>
    <subfield code="u">Universidad de Zaragoza</subfield>
    <subfield code="0">(orcid)0000-0001-8439-151X</subfield>
  </datafield>
  <datafield tag="710" ind1="2" ind2=" ">
    <subfield code="1">5008</subfield>
    <subfield code="2">800</subfield>
    <subfield code="a">Universidad de Zaragoza</subfield>
    <subfield code="b">Dpto. Ingeniería Electrón.Com.</subfield>
    <subfield code="c">Área Teoría Señal y Comunicac.</subfield>
  </datafield>
  <datafield tag="773" ind1=" " ind2=" ">
    <subfield code="g">(2026), [19 pp.]</subfield>
    <subfield code="p">J. physiol.</subfield>
    <subfield code="t">JOURNAL OF PHYSIOLOGY-LONDON</subfield>
    <subfield code="x">0022-3751</subfield>
  </datafield>
  <datafield tag="856" ind1="4" ind2=" ">
    <subfield code="s">1680049</subfield>
    <subfield code="u">http://zaguan.unizar.es/record/170990/files/texto_completo.pdf</subfield>
    <subfield code="y">Versión publicada</subfield>
  </datafield>
  <datafield tag="856" ind1="4" ind2=" ">
    <subfield code="s">1761964</subfield>
    <subfield code="u">http://zaguan.unizar.es/record/170990/files/texto_completo.jpg?subformat=icon</subfield>
    <subfield code="x">icon</subfield>
    <subfield code="y">Versión publicada</subfield>
  </datafield>
  <datafield tag="909" ind1="C" ind2="O">
    <subfield code="o">oai:zaguan.unizar.es:170990</subfield>
    <subfield code="p">articulos</subfield>
    <subfield code="p">driver</subfield>
  </datafield>
  <datafield tag="951" ind1=" " ind2=" ">
    <subfield code="a">2026-04-30-13:58:34</subfield>
  </datafield>
  <datafield tag="980" ind1=" " ind2=" ">
    <subfield code="a">ARTICLE</subfield>
  </datafield>
</record>
</collection>